| 000 | 01371nam a2200433 c 4500 | ||
|---|---|---|---|
| 001 | 16452 | ||
| 003 | ES-MaCES | ||
| 005 | 20250121040009.0 | ||
| 008 | 040420s2003 sp t o100 | spa d | ||
| 017 |
_aM 53995-2003 _bDL |
||
| 024 | 7 |
_a207-03-049-1 _2nipo |
|
| 035 | _aCES20040006387m | ||
| 040 |
_aES-MaCES _bspa _cES-MaCES |
||
| 111 | 2 |
_aSeminario "Balance y Perspectivas de los Estudios de las Mujeres y del Género" _9865 |
|
| 245 | 1 | 0 | _aSeminario "Balance y Perspectivas de los Estudios de las Mujeres y del Género" |
| 260 |
_aMadrid _bInstituto de la Mujer _c2003 |
||
| 300 |
_a318 p. _c30 cm |
||
| 490 | 1 |
_aDebate _v40 |
|
| 504 | _aBibliografía | ||
| 541 | _cGratuito | ||
| 650 | 4 |
_amujeres _928657 |
|
| 650 | 4 |
_asociedad _927269 |
|
| 650 | 4 |
_aparticipación política _927242 |
|
| 650 | 4 |
_aeducación _927367 |
|
| 650 | 4 |
_aigualdad de oportunidades _927183 |
|
| 650 | 4 |
_atrabajo _928289 |
|
| 650 | 4 |
_agestión de tiempo _930359 |
|
| 650 | 4 |
_asalud _928680 |
|
| 650 | 4 |
_abienestar _927033 |
|
| 650 | 4 |
_aciencia _928831 |
|
| 650 | 4 |
_atecnología _928238 |
|
| 650 | 4 |
_aconferencia _927013 |
|
| 653 | 1 | 0 | _aMujer |
| 710 | 2 |
_aInstituto de la Mujer (España) _eed. _94190 |
|
| 830 | 0 |
_aDebate (Instituto de la Mujer (España)) _v40 _932789 |
|
| 902 | _aLIB Libro | ||
| 942 |
_2CES _cBK _h3.3. |
||
| 999 |
_c16452 _d16452 |
||